[Event "AUTO-INT-2724"]
[Site "http://www.queenalice.com/game.php?id=1232990"]
[Date "2013.11.17"]
[Round "2"]
[White "thiagohenriqueoliveira"]
[Black "flanny"]
[Result "0-1"]
[WhiteElo "1571"]
[BlackElo "1725"]

1. d4 d5 2. Bf4 Nc6 3. e3 Bf5 4. Nc3 Nb4 5. g4 Bxc2 6. Qc1 Be4 7. a3 Nc2+ 8. Kd1
Nxa1 9. Nxe4 dxe4 10. Qxa1 Nf6 11. Ne2 Nxg4 12. Rg1 h5 13. Nc3 Nxf2+ 14. Ke1 e5
15. Bxe5 Ng4 16. Qd1 f6 17. Qa4+ c6 18. Bf4 g5 19. h3 gxf4 20. hxg4 fxe3 21.
Nxe4 Qe7 22. Bg2 b5 23. Qb4 hxg4 24. Rf1 Qxb4+ 25. axb4 Bxb4+ 26. Kd1 O-O-O 27.
Nxf6 Rxd4+ 28. Ke2 Rd2+ 29. Kxe3 Rxg2 30. Ke4 Rf8 31. Ke5 Be7 32. Rf4 Bxf6+ 33.
Kd6 Be5+ 34. Kxe5 Rxf4 35. Kxf4 Rxb2 36. Kxg4 a5 37. Kf3 a4 38. Ke3 a3 39. Kd3
a2 40. Kc3 a1=Q 41. Kd4 Rg2+ 42. Kc5 Kc7 43. Kb4 Qc1 44. Kb3 Qb2# 0-1

[Event "AUTO-INT-2724"]
[Site "http://www.queenalice.com/game.php?id=1232991"]
[Date "2013.11.17"]
[Round "2"]
[White "flanny"]
[Black "thiagohenriqueoliveira"]
[Result "1-0"]
[WhiteElo "1728"]
[BlackElo "1534"]

1. e4 d5 2. e5 Nc6 3. Nc3 Nxe5 4. d4 Ng6 5. Nf3 Nf6 6. Bd3 Nf4 7. Bxf4 e6 8. Ne5
c5 9. dxc5 Qa5 10. b4 Qa3 11. Nb5 Qxb4+ 12. Bd2 Qxc5 13. O-O a6 14. Be3 Qb4 15.
Nc7+ Kd8 16. Nxa8 Qe7 17. Bb6+ Ke8 18. Nc7+ Kd8 19. Nxa6+ Ke8 20. Bb5+ Nd7 21.
Nc7+ Kd8 22. Nxd5+ Nxb6 23. Nxe7+ Kxe7 24. Qd4 f6 25. Qxb6 fxe5 26. Qc7+ Kf6 27.
Qxc8 h5 28. Qd8+ Kf5 29. Rfe1 g6 30. Bd3+ e4 31. Bxe4+ Ke5 32. Bxg6+ Kf4 33.
Qh4# 1-0

[Event "AUTO-INT-2768"]
[Site "http://www.queenalice.com/game.php?id=1236487"]
[Date "2013.11.30"]
[Round "1"]
[White "thiagohenriqueoliveira"]
[Black "bpctreinamento"]
[Result "0-1"]
[WhiteElo "1440"]
[BlackElo "1604"]

1. e4 e5 2. d4 exd4 3. Qxd4 Nc6 4. Qd1 Nf6 5. Nc3 Bb4 6. Bc4 Bxc3+ 7. bxc3 Nxe4
8. Qf3 Qe7 9. Ne2 O-O 10. O-O a6 11. Nf4 Ng5 12. Qh5 g6 13. Nd5 Qe5 14. Bxg5 b5
15. Rfe1 Qxc3 16. Nxc3 bxc4 17. Qg4 d5 18. Nxd5 Bxg4 19. Re4 Be6 20. Nxc7 Rab8
21. Nxa6 Rb2 22. Nc5 Rxc2 23. Nxe6 fxe6 24. Rxe6 Nd4 25. Rc6 Nxc6 26. f4 c3 0-1

[Event "AUTO-INT-2768"]
[Site "http://www.queenalice.com/game.php?id=1236488"]
[Date "2013.11.30"]
[Round "1"]
[White "bpctreinamento"]
[Black "thiagohenriqueoliveira"]
[Result "1-0"]
[WhiteElo "1594"]
[BlackElo "1450"]

1. e4 d5 2. exd5 Nf6 3. Nc3 Nxd5 4. Nxd5 Qxd5 5. d4 e5 6. dxe5 Qxe5+ 7. Be2 Bg4
8. f3 Bf5 9. f4 Bb4+ 10. c3 Bxc3+ 11. bxc3 Qxc3+ 12. Bd2 Qd4 13. Nf3 Qf6 14. Qc1
O-O 15. O-O Re8 16. Qxc7 Rxe2 17. Qxb7 Qc6 18. Qb2 Nd7 19. h4 Nc5 20. Rf2 Nd3
21. Ne5 Nxb2 22. Nxc6 Rxf2 23. Kxf2 1-0

[Event "AUTO-INT-2768"]
[Site "http://www.queenalice.com/game.php?id=1236489"]
[Date "2013.11.30"]
[Round "1"]
[White "thiagohenriqueoliveira"]
[Black "celotti"]
[Result "0-1"]
[WhiteElo "1401"]
[BlackElo "1637"]

1. e4 e5 2. Nf3 d6 3. d4 Nf6 4. Bc4 Nxe4 5. O-O Nd7 6. Nc3 Nb6 7. Nxe4 Nxc4 8.
dxe5 dxe5 9. b3 Nd6 10. Bg5 f6 11. Be3 h6 12. Nh4 g5 13. Ng6 Rg8 14. Qh5 Nf7 15.
Rfd1 Bd6 16. c4 f5 17. Nxd6+ cxd6 0-1

[Event "AUTO-INT-2768"]
[Site "http://www.queenalice.com/game.php?id=1236490"]
[Date "2013.11.30"]
[Round "1"]
[White "celotti"]
[Black "thiagohenriqueoliveira"]
[Result "1-0"]
[WhiteElo "1630"]
[BlackElo "1408"]

1. e4 d5 2. Nc3 d4 3. Nce2 e5 4. Ng3 Nf6 5. d3 c5 6. Nf3 Bg4 7. Be2 Nbd7 8. O-O
b5 9. h3 Bxf3 10. Bxf3 c4 11. b3 c3 12. Bg5 h6 13. Bc1 g5 14. Nf5 Nc5 15. a3 a5
16. Rb1 b4 17. Ng3 1-0

[Event "AUTO-OPEN-3133"]
[Site "http://www.queenalice.com/game.php?id=1236678"]
[Date "2013.12.1"]
[Round "1"]
[White "thiagohenriqueoliveira"]
[Black "mouderjr"]
[Result "0-1"]
[WhiteElo "1573"]
[BlackElo "1995"]

1. d4 e6 2. e4 d5 3. f3 Ne7 4. Bf4 Ng6 5. Qd2 c5 6. dxc5 Bxc5 7. exd5 Nxf4 8.
Qxf4 Qxd5 9. Bb5+ Bd7 10. Nc3 Qd4 11. Qxd4 Bxd4 12. Bxd7+ Nxd7 13. Nge2 Bb6 14.
Nb5 O-O 15. O-O-O Be3+ 16. Kb1 Nc5 17. b4 Na4 18. Rd7 a5 19. Ng3 Bf4 20. Ne4 f5
21. Nc5 Nxc5 22. bxc5 Rac8 23. Rxb7 Rxc5 24. Re1 e5 25. Nd6 e4 26. Rd1 Rd8 27.
fxe4 Bxd6 28. e5 Rxe5 29. Ra7 Rb8+ 30. Ka1 Bb4 31. Rdd7 Bc3# 0-1

[Event "AUTO-OPEN-3133"]
[Site "http://www.queenalice.com/game.php?id=1236679"]
[Date "2013.12.1"]
[Round "1"]
[White "mouderjr"]
[Black "thiagohenriqueoliveira"]
[Result "1-0"]
[WhiteElo "1997"]
[BlackElo "1565"]

1. b4 d5 2. Bb2 e5 3. Bxe5 Bf5 4. b5 Bc5 5. d4 f6 6. Bg3 Bb4+ 7. c3 Ba5 8. Qc1
Ne7 9. Nd2 O-O 10. Nb3 b6 11. Nf3 Ng6 12. e3 Nd7 13. Be2 c5 14. Nxa5 bxa5 15.
Bd6 Re8 16. dxc5 Nde5 17. O-O Rc8 18. c4 dxc4 19. Nxe5 fxe5 20. Qxc4+ Be6 21.
Qe4 Qg5 22. g3 Bh3 23. Rfc1 h5 24. Bf1 Bxf1 25. Kxf1 Re6 26. f4 Qg4 27. Qd5 Qh3+
28. Kg1 exf4 29. Bxf4 Nxf4 30. exf4 Re8 31. f5 Kh7 32. fxe6 Rxe6 33. Re1 Rxe1+
34. Rxe1 h4 35. Qh5+ Kg8 36. Re8# 1-0

[Event "AUTO-OPEN-3133"]
[Site "http://www.queenalice.com/game.php?id=1236680"]
[Date "2013.12.1"]
[Round "1"]
[White "thiagohenriqueoliveira"]
[Black "muppyman"]
[Result "0-1"]
[WhiteElo "1561"]
[BlackElo "2507"]

1. d4 d5 2. Nc3 Nf6 3. Bf4 Bf5 4. Nf3 e6 5. Nb5 Bd6 6. Bxd6 cxd6 7. Ng5 Qb6 8.
a4 a6 9. e4 dxe4 10. a5 Qd8 11. Nc3 d5 12. f3 h6 13. g4 hxg5 14. fxe4 Bxg4 15.
Qd3 dxe4 16. Qe3 Nc6 0-1

[Event "AUTO-OPEN-3133"]
[Site "http://www.queenalice.com/game.php?id=1236681"]
[Date "2013.12.1"]
[Round "1"]
[White "muppyman"]
[Black "thiagohenriqueoliveira"]
[Result "1-0"]
[WhiteElo "2506"]
[BlackElo "1563"]

1. e4 e5 2. Nf3 Nc6 3. Bb5 Nd4 4. Nxd4 exd4 5. O-O Nf6 6. e5 Ng4 7. Qxg4 c6 8.
Bd3 d6 9. Qxd4 c5 10. Qd5 Be6 11. Bb5+ Ke7 12. Qxb7+ Bd7 13. Bxd7 Rb8 14. exd6+
Kxd6 15. Qc6+ Ke7 16. Re1# 1-0

[Event "AUTO-OPEN-3133"]
[Site "http://www.queenalice.com/game.php?id=1236682"]
[Date "2013.12.1"]
[Round "1"]
[White "thiagohenriqueoliveira"]
[Black "mauricio_sm"]
[Result "0-1"]
[WhiteElo "1514"]
[BlackElo "2056"]

1. e4 c5 2. d4 cxd4 3. Qxd4 Nc6 4. Qc4 e6 5. Bf4 g6 6. Qc3 Bb4 7. Qxb4 Nxb4 8.
Na3 Qf6 9. Nb5 Qxb2 10. Rd1 Nxc2+ 11. Ke2 Qxb5+ 12. Kf3 Qa4 13. Ne2 Qa3+ 14. Kg4
d5 15. exd5 e5+ 16. Kg5 Qe7# 0-1

[Event "AUTO-BEG-593"]
[Site "http://www.queenalice.com/game.php?id=1241566"]
[Date "2013.12.21"]
[Round "2"]
[White "Rod_"]
[Black "thiagohenriqueoliveira"]
[Result "1-0"]
[WhiteElo "1626"]
[BlackElo "1506"]

1. e3 e5 2. d3 d5 3. c3 f5 4. c4 Bc5 5. d4 exd4 6. exd4 Qe7+ 7. Qe2 Bb4+ 8. Nc3
Nf6 9. Bg5 Bxc3+ 10. bxc3 Qxe2+ 11. Bxe2 dxc4 12. Bxc4 h6 13. Bf4 Nh5 14. Bxc7
Bd7 15. Nf3 Nc6 16. O-O Rc8 17. Rfe1+ Kf8 18. Bd6+ Ne7 19. Bxe7+ Ke8 20. Bc5+
Kd8 21. Ne5 Ke8 22. Nf7+ Be6 23. Bxe6 Rxc5 24. dxc5 Nf4 25. Bb3+ Kd7 26. Rad1+
Kc6 27. Nxh8 Kxc5 28. c4 g6 29. a3 a5 30. Re5+ Kb6 31. Rd6+ 1-0

[Event "AUTO-BEG-593"]
[Site "http://www.queenalice.com/game.php?id=1241567"]
[Date "2013.12.21"]
[Round "2"]
[White "thiagohenriqueoliveira"]
[Black "Rod_"]
[Result "0-1"]
[WhiteElo "1559"]
[BlackElo "1694"]

1. d4 d5 2. Bf4 Nf6 3. Nc3 a6 4. Nf3 Nc6 5. Nh4 e6 6. f3 Nh5 7. g3 Nxf4 8. gxf4
Qxh4+ 9. Kd2 Qxf4+ 10. e3 Qd6 11. f4 Be7 12. Bh3 O-O 13. Rg1 g6 14. Qh5 Qd8 15.
Qh6 Bb4 16. Rg2 Bd7 17. Rag1 Bxc3+ 18. bxc3 Na5 19. f5 exf5 20. Rg5 Nc4+ 21. Kc1
Qf6 22. Rh5 Qg7 23. Qf4 Nd6 24. c4 dxc4 25. d5 Bb5 26. Bxf5 Nxf5 27. Qxf5 Qa1+
28. Kd2 c3# 0-1

[Event "AUTO-BEG-593"]
[Site "http://www.queenalice.com/game.php?id=1241570"]
[Date "2013.12.21"]
[Round "2"]
[White "fracasso"]
[Black "thiagohenriqueoliveira"]
[Result "1-0"]
[WhiteElo "1428"]
[BlackElo "1526"]

1. e4 d5 2. e5 d4 3. c3 Bf5 4. Bb5+ c6 5. Bc4 b5 6. Bb3 dxc3 7. bxc3 e6 8. d4
Nd7 9. g4 Bxb1 10. Rxb1 f6 11. Bxe6 fxe5 12. dxe5 Nxe5 13. Qxd8+ Rxd8 14. f3 Nf6
15. Bf4 1-0

[Event "AUTO-BEG-593"]
[Site "http://www.queenalice.com/game.php?id=1241571"]
[Date "2013.12.21"]
[Round "2"]
[White "thiagohenriqueoliveira"]
[Black "fracasso"]
[Result "0-1"]
[WhiteElo "1548"]
[BlackElo "1406"]

1. d4 Nc6 2. e4 e5 3. c3 d6 4. Bc4 exd4 5. cxd4 Be6 6. d5 Nb4 7. dxe6 fxe6 8.
Nf3 c5 9. Bxe6 Qe7 10. Ng5 h6 11. Qh5+ Kd8 12. Nf7+ Kc7 13. Nxh8 Nd3+ 14. Kd2
Nxf2 0-1

[Event "AUTO-BEG-593"]
[Site "http://www.queenalice.com/game.php?id=1241574"]
[Date "2013.12.21"]
[Round "2"]
[White "thiagohenriqueoliveira"]
[Black "AndreChess"]
[Result "0-1"]
[WhiteElo "1413"]
[BlackElo "1688"]

1. d4 d5 2. Bf4 Bf5 3. Nc3 e6 4. Nf3 h6 5. Nb5 Bd6 6. Nxd6+ cxd6 7. Nh4 Qxh4 8.
Bxd6 Nf6 9. g3 Qe4 10. f3 Qxc2 11. e4 Qxd1+ 12. Kxd1 dxe4 13. fxe4 Bxe4 14. Bb5+
Nc6 0-1

[Event "AUTO-BEG-593"]
[Site "http://www.queenalice.com/game.php?id=1241575"]
[Date "2013.12.21"]
[Round "2"]
[White "AndreChess"]
[Black "thiagohenriqueoliveira"]
[Result "1-0"]
[WhiteElo "1683"]
[BlackElo "1418"]

1. e4 d5 2. exd5 Qxd5 3. Qf3 Qxf3 4. Nxf3 Nf6 5. h3 Nc6 6. Bb5 a6 7. Bxc6+ bxc6
8. d3 Bf5 9. Bg5 Nd5 10. Nd4 Nb4 11. a3 Nxc2+ 12. Nxc2 Bxd3 13. Kd2 Rd8 14. f3
h6 15. Bf4 1-0

[Event "AUTO-BEG-588"]
[Site "http://www.queenalice.com/game.php?id=1245141"]
[Date "2014.1.3"]
[Round "2"]
[White "JamesBrown"]
[Black "thiagohenriqueoliveira"]
[Result "1-0"]
[WhiteElo "1452"]
[BlackElo "1467"]

1. e4 d5 2. exd5 Qxd5 3. d4 Bf5 4. Nc3 Nc6 5. Nxd5 e6 6. Nxc7+ Kd7 7. Nxa8 Nb4
8. Bd3 Nf6 9. c3 Nxd3+ 10. Kf1 Nxb2 11. Bxb2 Bd6 12. Qa4+ Ke7 13. Qxa7 Ne4 14.
Qxb7+ Kf6 15. Nb6 1-0

[Event "AUTO-BEG-588"]
[Site "http://www.queenalice.com/game.php?id=1245142"]
[Date "2014.1.3"]
[Round "2"]
[White "thiagohenriqueoliveira"]
[Black "JamesBrown"]
[Result "0-1"]
[WhiteElo "1485"]
[BlackElo "1434"]

1. d4 d5 2. Bf4 Nf6 3. Nc3 Bf5 4. f3 e6 5. Nb5 Bb4+ 6. c3 Bd6 7. Bxd6 cxd6 8. e4
dxe4 9. fxe4 Bxe4 10. Qa4 O-O 11. Ne2 Nd5 12. Ng3 Ne3 13. Kf2 Nc2 14. Re1 Qf6+
0-1